| 000 | 00643nam a22002177a 4500 | ||
|---|---|---|---|
| 003 | OSt | ||
| 005 | 20260428143003.0 | ||
| 008 | 231231s2023 xx ||||| |||| 00| 0 eng d | ||
| 020 | _a9781739401610 | ||
| 040 |
_aMILA _beng _cMILA |
||
| 050 |
_aLB2369 _b.M37 2023 |
||
| 100 | 1 |
_aMartin, Josh, _dDr. |
|
| 245 | 1 | 0 |
_aHow to write amazing essays : _bthe complete guide to essay planning, research, writing and structuring / _cJosh Martin. |
| 260 |
_a[S.l.] : _bAcademy Works, _c2023. |
||
| 300 |
_a246 p. ; _c23 cm. |
||
| 650 | 0 | _aEssay writing. | |
| 650 | 0 | _aAcademic writing. | |
| 650 | 0 | _aStudy skills. | |
| 650 | 0 | _aResearch. | |
| 942 |
_2lcc _cBK |
||
| 999 |
_c2639 _d2639 |
||